LEADER 04684nam 22007931 450 001 9910967356303321 005 20190626093806.0 010 $a9781350985353 010 $a135098535X 010 $a9781786722300 010 $a1786722305 024 7 $a10.5040/9781350985353 035 $a(CKB)4100000001038130 035 $a(MiAaPQ)EBC4890600 035 $a(OCoLC)949770852 035 $a(UtOrBLW)bpp09263498 035 $a(OCoLC)1114393635 035 $a(UtOrBLW)BP9781350985353BC 035 $a(UkLoBP)BP9781350985353BC 035 $a(Perlego)916450 035 $a(EXLCZ)994100000001038130 100 $a20190708d2017 uy 0 101 0 $aeng 135 $aurcnu|||||||| 181 $2rdacontent 182 $2rdamedia 183 $2rdacarrier 200 10$aArchitecture and the Turkish city $ean urban history of Istanbul since the Ottomans /$fMurat Gu?l 205 $aFirst edition. 210 1$aLondon :$cI.B. Tauris :$cBloomsbury Publishing (UK),$d2017. 215 $a1 online resource (x, 326 pages) $cillustrations, map 300 $aCompliant with Level AA of the Web Content Accessibility Guidelines. Content is displayed as HTML full text which can easily be resized or read with assistive technology, with mark-up that allows screen readers and keyboard-only users to navigate easily. 311 08$a9781784531058 311 08$a1784531057 320 $aIncludes bibliographical references and index. 327 $aChapter 1: Introduction: Historical Background -- Chapter 2: Early Moderns 1900-1930 -- Chapter 3: Secularisation of Architecture and the City: 1930-1950 -- Chapter 4: Istanbul Encounters West: Architecture and Cities in the Postwar Period -- Chapter 5: Post-Statist Period: Istanbul Architecture and Urban Planning in the 1980s -- Chapter 6: Early Twentieth Century: Istanbul on the Move -- Chapter 7: Conclusion. 330 $a"Architecture and urban planning have always been used by political regimes to stamp their ideologies upon cities, and this is especially the case in the modern Turkish Republic. By exploring Istanbul's modern architectural and urban history, Murat Gul highlights the dynamics of political and social change in Turkey from the late-Ottoman period until today. Looking beyond pure architectural styles or the physical manifestations of Istanbul's cultural landscape, he offers critical insight into how Turkish attempts to modernise have affected both the city and its population. Charting the diverse forces evident in Istanbul's urban fabric, the book examines late Ottoman reforms, the Turkish Republic's turn westward for inspiration, Cold War alliances and the AK Party's reaffirmation of cultural ties with the Middle East and the Balkans. Telltale signs of these moments - revivalist architecture drawing on Ottoman and Seljuk styles, 1930s Art Deco, post-war International Style buildings and the proliferation of shopping malls, luxurious gated residences and high-rise towers, for example - are analysed and illustrated in extensive detail.Connecting this rich history to present-day Istanbul, whose urban development is characterised anew by intense social stratification, the book will appeal to researchers of Turkey, its architecture and urban planning."--Bloomsbury Publishing. 606 $aArchitecture$zTurkey$zIstanbul$xHistory 606 $aArchitecture$xPolitical aspects$zTurkey$zIstanbul 606 $aArchitecture and society$zTurkey$zIstanbul$xHistory 606 $aArchitecture$2fast$3(OCoLC)fst00813346 606 $aArchitecture and society$2fast$3(OCoLC)fst00813574 606 $aArchitecture$xPolitical aspects$2fast$3(OCoLC)fst00813501 606 $aBuildings$2fast$3(OCoLC)fst00840962 606 $aPolitics and government$2fast$3(OCoLC)fst01919741 606 $aMiddle East 606 $aHistory of architecture$2bic 607 $aIstanbul (Turkey)$xBuildings, structures, etc 607 $aIstanbul (Turkey)$xPolitics and government 607 $aTurkey$zIstanbul$2fast 608 $aHistory.$2fast 615 0$aArchitecture$xHistory. 615 0$aArchitecture$xPolitical aspects 615 0$aArchitecture and society$xHistory. 615 7$aArchitecture. 615 7$aArchitecture and society. 615 7$aArchitecture$xPolitical aspects. 615 7$aBuildings. 615 7$aPolitics and government. 615 4$aMiddle East. 615 7$aHistory of architecture. 676 $a720.949618 700 $aGul?$b Murat$0785859 801 0$bUkLoBP 801 1$bUkLoBP 906 $aBOOK 912 $a9910967356303321 996 $aArchitecture and the Turkish city$94347992 997 $aUNINA